| 000 | 01318cam a2200325 a 4500 | ||
|---|---|---|---|
| 001 | 5434414 | ||
| 003 | ASDFGHJKL | ||
| 005 | 20220326193256.0 | ||
| 008 | 050706s2004 sp ae 000 0 eng d | ||
| 020 | _a8493232548 | ||
| 035 | _a(OCoLC)ocm60815193 | ||
| 035 | _a(NNC)5434414 | ||
| 040 |
_aSISPL _cSISPL _dNNC |
||
| 041 | 0 | _aengspa | |
| 082 |
_a727.6 _bM986m |
||
| 245 | 0 | 0 |
_aMUSAC : the building = _bMuseo de Arte Contemporáneo de Castilla y León : el edificio. |
| 246 | 3 | 0 | _aMuseo de Arte Contemporáneo de Castilla y León : el edificio |
| 246 | 3 | _aMUSAC : Museo de Arte Contemporáneo de Castilla y León | |
| 260 |
_aBarcelona : _bMUSAC, Museo de Arte Contemporáneo de Castilla y León : _b[distributed by ] Actar, _c[2004]. |
||
| 300 |
_a144 p. : _bill. (some col.), plans ; _c22 cm. |
||
| 546 | _aEnglish and Spanish. | ||
| 610 | 2 | 0 |
_aMuseo de Arte Contemporáneo de Castilla y León. _91100 |
| 610 | 2 | 0 |
_aMansilla + Tuñón Arquitectos. _91101 |
| 650 | 0 |
_aMuseum architecture _xDesign and construction. _91102 |
|
| 650 | 0 |
_amuseos _xarquitectura-museo _xMuseo de Arte Contemporaneo de Castilla y Leon _91103 |
|
| 650 | 0 |
_aArt museum architecture _vDesigns and plans. _91104 |
|
| 710 | 2 |
_aMuseo de Arte Contemporáneo de Castilla y León. _91105 |
|
| 948 | 1 |
_a20051018 _bc _cfra1 _dSCMC |
|
| 999 |
_c236 _d236 |
||